000 00600nam a2200181Ia 4500
008 100921s9999 xx 000 0 und d
082 _b31077
_a891.463 थ 99
100 _aवैद्य सुरेश.
245 _aनकळत.
260 _bश्रीस्वामी प्रकाशन, पुणे.
_c1999
300 _a160
_bशांती पब्लिकेशन,पुणे
365 _b125
520 _aललित-कादंबरी.
630 _aनकळत.
650 _aललित-कादंबरी.
730 _aनकळत.
942 _cBOOK
999 _c780190
_d780187